Laparoskopická implantace peritoneálního katétru u dětí

Bibliographic Details
Main Authors: Guňka, I. (Author), Martínek, L. (Author), Zaoral, T. (Author), Richter, V. (Author)
Format: Article
Language:Czech

MARC

LEADER 00000nab a2200000uu 4500
001 vtls010896918
003 SK-MaSNL
005 20260303142334.0
008 230222|2008 xo |||||||||||||||||cze|
015 |a SNBRB 
035 |a (urnnbn)urn:nbn:sk:snk:ar-006mcd 
035 |a (uuid)57a1cade-0f08-4396-b11d-0f0c124a4521 
035 |a urn:nbn:sk:snk-ab8pgn 
040 |a SNKBUCL  |b slo  |c SNKBUCL  |e AACR2 
041 0 |a cze 
044 |a xo  |c SK 
100 1 |a Guňka, I.  |4 aut  |9 1162575 
245 1 0 |a Laparoskopická implantace peritoneálního katétru u dětí  |c I. Guňka, L. Martínek, T. Zaoral, V. Richter 
700 1 |a Martínek, L.  |4 aut  |9 787342 
700 1 |a Zaoral, T.  |4 aut  |9 1143969 
700 1 |a Richter, V.  |4 aut  |9 826693 
773 0 |t Miniinvazívna chirurgia a endoskopia  |g Roč. 12, č. 1 (2008), s. 12-14 
958 |a OND 
958 |a EUIPO 
958 |a article10 
999 |c 1982121  |d 1984051